|
|
|
|
| LEADER |
00000nab a2200000 a 4500 |
| 001 |
vtls000773077 |
| 003 |
SK-MaSNL |
| 005 |
20260304113151.0 |
| 008 |
250429c2001 xo 0 slo |
| 015 |
|
|
|a SNBRB2001/11-32162
|
| 035 |
|
|
|a CLN000124864
|
| 035 |
|
|
|a urn:nbn:sk:snk-abmqz
|
| 035 |
|
|
|a (urnnbn)urn:nbn:sk:snk:ar-a05a7m
|
| 035 |
|
|
|a (uuid)26921325-f3ba-4c73-82b1-d04f781a98e6
|
| 040 |
|
|
|a SNKBUCL
|b slo
|c SNKBUCL
|e AACR2
|
| 041 |
0 |
|
|a slo
|
| 044 |
|
|
|a xo
|c SK
|
| 080 |
|
|
|a 61-051
|2 1997
|
| 080 |
|
|
|a 616.2
|2 1997
|
| 080 |
|
|
|a 929 Červený, Ervín
|2 1997
|
| 100 |
1 |
|
|a Klačanský, Juraj,
|d 1950-
|4 aut
|9 26709
|
| 245 |
1 |
0 |
|a Opustil nás profesor MUDr. Ervín Červený, DrSc.
|c Juraj Klačanský
|
| 300 |
|
|
|b Fotogr.
|
| 600 |
1 |
7 |
|a Červený, Ervín,
|d 1913-2001
|2 snkbucl
|9 21758
|
| 655 |
|
7 |
|a články z novín a časopisov
|2 snkbucl
|9 267496
|
| 773 |
0 |
|
|t Choroby hlavy a krku
|g Roč. 10, č. 2 (2001), s. 54
|x 1210-0447
|
| 850 |
|
|
|a Slovenská národná knižnica
|
| 852 |
|
|
|a Slovenská národná knižnica
|
| 954 |
|
|
|a odborná, vedecká literatúra pôvodná (slovenská)
|2 lita
|
| 958 |
|
|
|a article27
|
| 958 |
|
|
|a MI
|
| 958 |
|
|
|a BC
|
| 958 |
|
|
|a CZ
|
| 958 |
|
|
|a OND
|
| 958 |
|
|
|a EUIPO
|
| 992 |
|
|
|a RBX
|
| 999 |
|
|
|c 2868430
|d 2870360
|